[Event "AUT-chT2M 0506"]
[Site "Austria"]
[Date "2005.11.06"]
[Round "4.2"]
[White "Woeber, Friedrich"]
[Black "Kotz, Heinz Peter"]
[Result "0-1"]
[WhiteElo "2155"]
[BlackElo "2312"]
[PlyCount "102"]
[EventDate "2005.10.08"]
[EventType "team"]
[EventRounds "11"]
[EventCountry "AUT"]
[SourceTitle "EXT 2006"]
[Source "ChessBase"]
[SourceDate "2005.11.24"]
[SourceVersion "1"]
[SourceVersionDate "2005.11.24"]
[SourceQuality "1"]
[WhiteTeam "Linz SK Voest"]
[BlackTeam "Graz Austria"]
[WhiteTeamCountry "AUT"]
[BlackTeamCountry "AUT"]

1. e4 e5 2. Bc4 Nf6 3. d4 exd4 4. Nf3 Nc6 5. 0-0 Nxe4 6. Re1 d5 7. Bxd5 Qxd5 8. Nc3 Qh5 9. Nxe4 Be6 10. Bg5 Bd6 11. Nxd6+ cxd6 12. Bf4 Qc5 13. Ng5 0-0 14. Rxe6 fxe6 15. Nxe6 Qf5 16. Nxf8 Qxf4 17. Ne6 Qe5 18. Qe1 Re8 19. Qxe5 dxe5 20. Nc5 b6 21. Ne4 Nb4 22. c3 Nd3 23. Rb1 Rc8 24. Kf1 Rc4 25. g3 dxc3 26. Nxc3 Nxb2 27. Nd5 Nd3 28. Ne3 Ra4 29. Rb3 e4 30. a3 Nc5 31. Rc3 Rd4 32. Ke2 Kf7 33. f3 Ke6 34. fxe4 Rxe4 35. Kf3 Ke5 36. Nc2 g5 37. h3 h5 38. Ne3 Kd4 39. Rc4+ Kd3 40. Rxe4 Nxe4 41. Nd5 Nd2+ 42. Kf2 Kd4 43. Nc7 Ke5 44. Nb5 a6 45. Nc7 a5 46. Nb5 g4 47. hxg4 hxg4 48. a4 Ne4+ 49. Ke3 Nxg3 50. Na3 Nf5+ 51. Kd3 Kd5 0-1

[Event "AUT-chT 0405"]
[Site "Austria"]
[Date "2005.03.20"]
[Round "11"]
[White "Kotz, Heinz Peter"]
[Black "Naumann, Alexander"]
[Result "0-1"]
[WhiteElo "2347"]
[BlackElo "2538"]
[PlyCount "84"]
[EventDate "2004.11.19"]
[EventType "team"]
[EventRounds "11"]
[EventCountry "AUT"]
[SourceTitle "EXT 2006"]
[Source "ChessBase"]
[SourceDate "2005.11.24"]
[SourceVersion "1"]
[SourceVersionDate "2005.11.24"]
[SourceQuality "1"]
[WhiteTeam "Graz Austria"]
[BlackTeam "Hohenems"]
[WhiteTeamCountry "AUT"]
[BlackTeamCountry "AUT"]

1. e4 c5 2. Nf3 d6 3. d4 cxd4 4. Nxd4 Nf6 5. Nc3 a6 6. Bc4 e6 7. Bb3 b5 8. 0-0 b4 9. Na4 Be7 10. Re1 0-0 11. c3 bxc3 12. Nxc3 Bb7 13. Qf3 Nc6 14. Nxc6 Bxc6 15. Qg3 Qa5 16. Bh6 Ne8 17. Rad1 Qh5 18. Bf4 Rd8 19. Qd3 Qa5 20. Bc4 Nc7 21. Qg3 Qb4 22. Bd3 Bf6 23. a3 Qxb2 24. Rb1 Qxa3 25. Nd5 Bxd5 26. e5 dxe5 27. Bxh7+ Kxh7 28. Qxa3 exf4 29. Qa5 Nb5 30. Qxa6 Nd4 31. Rbd1 g6 32. f3 Kg7 33. Rd3 Ra8 34. Qd6 Ra2 35. Kh1 g5 36. Red1 Rc8 37. h4 Nf5 38. Qd7 Rd8 39. Qc7 Rh8 40. Kg1 Rxh4 41. Rxd5 exd5 42. Rxd5 Ne3 0-1

[Event "AUT-chT 0405"]
[Site "Austria"]
[Date "2005.03.18"]
[Round "9"]
[White "Kotz, Heinz Peter"]
[Black "Gross, David2222"]
[Result "0-1"]
[WhiteElo "2347"]
[BlackElo "2465"]
[PlyCount "96"]
[EventDate "2004.11.19"]
[EventType "team"]
[EventRounds "11"]
[EventCountry "AUT"]
[SourceTitle "EXT 2006"]
[Source "ChessBase"]
[SourceDate "2005.11.24"]
[SourceVersion "1"]
[SourceVersionDate "2005.11.24"]
[SourceQuality "1"]
[WhiteTeam "Graz Austria"]
[BlackTeam "Mayrhofen/Zillertal"]
[WhiteTeamCountry "AUT"]
[BlackTeamCountry "AUT"]

1. e4 c5 2. Nf3 e6 3. d4 cxd4 4. Nxd4 a6 5. Nc3 b5 6. Bd3 d6 7. 0-0 Nf6 8. Re1 Be7 9. Qf3 Bb7 10. Qg3 g6 11. Nf3 e5 12. Bg5 Nbd7 13. Rad1 Nh5 14. Qh4 h6 15. Bxe7 Qxe7 16. Qxe7+ Kxe7 17. a3 Rac8 18. Nd2 Nf4 19. Nf1 Nb6 20. Ne3 Rc5 21. g3 Ne6 22. f3 h5 23. h4 Rhc8 24. Rd2 Nd4 25. Kf2 R5c7 26. Ne2 Ne6 27. Nc3 Rc5 28. Red1 Nd4 29. Ne2 Na4 30. b4 R5c7 31. Nxd4 exd4 32. Ng2 Nb2 33. Rb1 Nxd3+ 34. cxd3 Rc3 35. Ra1 Rb3 36. Nf4 Rcc3 37. g4 hxg4 38. fxg4 Rxa3 39. Rxa3 Rxa3 40. Rc2 Rc3 41. Rb2 Kf6 42. Ke2 Ke5 43. Ng2 d5 44. exd5 Bxd5 45. Ne1 Kf4 46. h5 g5 47. Rc2 Be6 48. Ng2+ Ke5 0-1